Datum a čas kvízu
23.5
Celkem bodů
Celkový počet nahraných bodů na tomto kvízu bez doplňovacích otázek.
6.
Pořadí na kvízu
Konečné umístění týmu na tomto kvízu.
Zaznamenané odpovědi
| # | Otázka | Odpověď | Body | Výsledky |
|---|---|---|---|---|
| 1. | Jak se jmenuje kandidát na úst... | Pavel Simon | 1 | |
| 2. | Paprička jisté odrůdy existuje... | Pepper X | 1 | |
| 3. | Ve čtvrtek mělo premiéru ameri... | Martin Scorcese | 0 | |
| 4. | Německý národní dopravce Deuts... | Arriva | 0 | |
| 5. | Ve čtvrtek na tenisovém turnaj... | zahrál úder opačnou rukou | 0 | |
| 6. | V tomto tématu zabrousíme do č... | Jana Nerudu | 1 | |
| 7. | Drama Nabarvené ptáče z roku 2... | Václav Marhoul | 0 | |
| 8. | V roce 2022 přišel do kin film... | jak se mám | 0 | |
| 9. | Nemocnice na kraji města je je... | Karel Höger | 0 | |
| 10. | Ptakopysk sice není pták, ale... | Nejistá sezona | 0 |